Geography Quiz

Random Geography or Food Quiz

Country by food Quiz Stats

 Plays Quiz not verified by Sporcle

Support Sporcle.
Go Orange.
Score 0/26 Timer 03:00
0 Plays Today
Food Country % Correct
PastaItaly
95.6%
SushiJapan
94.2%
CrépeFrance
94%
Peking DuckChina
93.7%
CurryIndia
93.6%
Fish 'n' chipsEngland
91.9%
TapasSpain
89.8%
TortillasMexico
89.8%
Maple syrupCanada
87.2%
PotatoesIreland
84.4%
HamburgerUSA
83.5%
MoussakaGreece
83.2%
HaggisScotland
82.3%
Food Country % Correct
Shish KebabTurkey
78%
SchnitzelAustria
75.8%
Roast LambAustralia
72.5%
PavlovaNew zealand
64.4%
CouscousMorocco
62%
SaltfishJamaica
56.1%
HummusIsrael
53.7%
CawlWales
45.6%
SateIndonesia
45.3%
Guinea PigEcuador
31.8%
Beef noodle soupTaiwan
26.6%
Flying fishBarbados
19.3%
Rice and CurrySri Lanka
18.2%

You're not logged in!

Compare scores with friends on all Sporcle quizzes.
OR
Log In

From the Vault

'B' Sorting Gallery

by alinrotundu

Break out your best badminton racket and beat up some birdies.
Remove Ads.
Support Sporcle.
Get the best of Sporcle when you Go Orange. This ad-free experience offers more features, more stats, and more fun while also helping to support Sporcle. Thank you for becoming a member.

Show Comments

Extras

Created Mar 27, 2012ReportNominate
Tags:Country Quiz, Food Quiz, area

Top Quizzes Today


Score Distribution

Your Account Isn't Verified!

In order to create a playlist on Sporcle, you need to verify the email address you used during registration. Go to your Sporcle Settings to finish the process.

Report this User

Report this user for behavior that violates our Community Guidelines.

Details: